<?xml version="1.0" encoding="UTF-8"?>
<record
    xmlns:xsi="http://www.w3.org/2001/XMLSchema-instance"
    xsi:schemaLocation="http://www.loc.gov/MARC21/slim http://www.loc.gov/standards/marcxml/schema/MARC21slim.xsd"
    xmlns="http://www.loc.gov/MARC21/slim">

  <leader>01793nam a2200313 i 4500</leader>
  <controlfield tag="003">DO-SdBNP</controlfield>
  <controlfield tag="005">20240321120929.0</controlfield>
  <controlfield tag="007">ta</controlfield>
  <controlfield tag="008">110413s2016    dr a          000 j spa d</controlfield>
  <datafield tag="040" ind1=" " ind2=" ">
    <subfield code="a">DO-SdBNP</subfield>
    <subfield code="b">spa</subfield>
    <subfield code="c">BNPHU</subfield>
    <subfield code="e">rda</subfield>
  </datafield>
  <datafield tag="082" ind1=" " ind2=" ">
    <subfield code="b">F953</subfield>
    <subfield code="2">22</subfield>
  </datafield>
  <datafield tag="100" ind1="1" ind2=" ">
    <subfield code="a">Fuei Liao , Yuan</subfield>
    <subfield code="9">77949</subfield>
  </datafield>
  <datafield tag="245" ind1="1" ind2="3">
    <subfield code="a">El le&#xF3;n y el bal&#xF3;n /</subfield>
    <subfield code="c">Yuan Fuei Liao ; ilustrador Kutty Reyes</subfield>
  </datafield>
  <datafield tag="264" ind1=" " ind2="1">
    <subfield code="a">Santo Domingo :</subfield>
    <subfield code="b">USAID,</subfield>
    <subfield code="b">UNIBE,</subfield>
    <subfield code="c">2016.</subfield>
  </datafield>
  <datafield tag="300" ind1=" " ind2=" ">
    <subfield code="a">8 p&#xE1;ginas </subfield>
    <subfield code="c">22 cm.</subfield>
    <subfield code="b">Ilustraciones </subfield>
  </datafield>
  <datafield tag="336" ind1=" " ind2=" ">
    <subfield code="2">rdacontent</subfield>
    <subfield code="a">texto</subfield>
    <subfield code="b">txt</subfield>
  </datafield>
  <datafield tag="337" ind1=" " ind2=" ">
    <subfield code="2">rdamedia</subfield>
    <subfield code="a">sin mediaci&#xF3;n </subfield>
    <subfield code="b">n</subfield>
  </datafield>
  <datafield tag="338" ind1=" " ind2=" ">
    <subfield code="2">rdacarrier</subfield>
    <subfield code="a">volumen</subfield>
    <subfield code="b">nc</subfield>
  </datafield>
  <datafield tag="490" ind1="1" ind2=" ">
    <subfield code="a">Libros decodificables</subfield>
    <subfield code="a">Proyecto leer</subfield>
    <subfield code="v">Etapa D-2</subfield>
  </datafield>
  <datafield tag="500" ind1=" " ind2=" ">
    <subfield code="a">Los libros decodificables est&#xE1;n compuestos de textos redactados con dificultad progresiva. Cada etapa decodificable enfatiza ciertas combinaciones de letras y sonidos tomando en cuenta el orden de frecuencia en la que aparecen en el idioma espa&#xF1;ol, y el nivel de dificultad de la relaci&#xF3;n letra-sonidos.</subfield>
  </datafield>
  <datafield tag="500" ind1=" " ind2=" ">
    <subfield code="a">Combinaci&#xF3;n de grafemas: y, f, p, t, b, d.</subfield>
  </datafield>
  <datafield tag="500" ind1=" " ind2=" ">
    <subfield code="a">Grafemas anteriores: a, m, e, n, o, s, i, l, u, y.</subfield>
  </datafield>
  <datafield tag="520" ind1=" " ind2=" ">
    <subfield code="a">Mi pap&#xE1; ha plantado un bamb&#xFA; y ahora lo est&#xE1; abonando. El tiempo pasa y pasa, y el bamb&#xFA; sube y sube: va creciendo muy bien. Ya el bamb&#xFA; est&#xE1; muy s&#xF3;lido porque es fuerte. Llega una mula a curiosear. La mula piensa hacerle algo a la mata de bamb&#xFA;. El animal apunta con una pata al bamb&#xFA;. Le da una patada fuerte, pensando que as&#xED; tumbar&#xE1; al bamb&#xFA;. Lo &#xFA;nico que ha logrado la mula es lastimar su pata, que ahora est&#xE1; tiesa y con mucho dolor. Al bamb&#xFA; no le ha pasado nada. &#xA1;Pobre mula!</subfield>
  </datafield>
  <datafield tag="521" ind1=" " ind2=" ">
    <subfield code="a">Nivel primario</subfield>
  </datafield>
  <datafield tag="590" ind1=" " ind2=" ">
    <subfield code="a">Inventariado, 2024/ YL</subfield>
  </datafield>
  <datafield tag="700" ind1=" " ind2=" ">
    <subfield code="a">Reyes, Kutty</subfield>
    <subfield code="9">51092</subfield>
    <subfield code="e">ilustraciones</subfield>
  </datafield>
  <datafield tag="910" ind1=" " ind2=" ">
    <subfield code="a">YLockward</subfield>
  </datafield>
  <datafield tag="942" ind1=" " ind2=" ">
    <subfield code="2">ddc</subfield>
    <subfield code="c">LF2</subfield>
  </datafield>
  <datafield tag="952" ind1=" " ind2=" ">
    <subfield code="0">0</subfield>
    <subfield code="1">0</subfield>
    <subfield code="2">ddc</subfield>
    <subfield code="5">1</subfield>
    <subfield code="7">0</subfield>
    <subfield code="8">CIJ-PD</subfield>
    <subfield code="a">BNPHU</subfield>
    <subfield code="b">BNPHU</subfield>
    <subfield code="c">CT</subfield>
    <subfield code="d">2023-07-20</subfield>
    <subfield code="e">USAID- UNIBE</subfield>
    <subfield code="l">0</subfield>
    <subfield code="o">BNPHU F-CIJ-PD F953</subfield>
    <subfield code="p">2024-0690</subfield>
    <subfield code="r">2024-02-06</subfield>
    <subfield code="w">2024-02-06</subfield>
    <subfield code="y">LF2</subfield>
  </datafield>
  <datafield tag="952" ind1=" " ind2=" ">
    <subfield code="0">0</subfield>
    <subfield code="1">0</subfield>
    <subfield code="2">ddc</subfield>
    <subfield code="5">1</subfield>
    <subfield code="7">0</subfield>
    <subfield code="8">CIJ-PD</subfield>
    <subfield code="a">BNPHU</subfield>
    <subfield code="b">BNPHU</subfield>
    <subfield code="c">CT</subfield>
    <subfield code="d">2023-07-20</subfield>
    <subfield code="e">USAID- UNIBE</subfield>
    <subfield code="l">0</subfield>
    <subfield code="o">BNPHU F-CIJ-PD F953</subfield>
    <subfield code="p">2024-0691</subfield>
    <subfield code="r">2024-02-06</subfield>
    <subfield code="t">e. 2</subfield>
    <subfield code="w">2024-02-06</subfield>
    <subfield code="y">LF2</subfield>
  </datafield>
  <datafield tag="952" ind1=" " ind2=" ">
    <subfield code="0">0</subfield>
    <subfield code="1">0</subfield>
    <subfield code="2">ddc</subfield>
    <subfield code="5">6</subfield>
    <subfield code="7">0</subfield>
    <subfield code="8">DS</subfield>
    <subfield code="a">BNPHU</subfield>
    <subfield code="b">BNPHU</subfield>
    <subfield code="c">CT</subfield>
    <subfield code="d">2023-07-20</subfield>
    <subfield code="e">USAID- UNIBE</subfield>
    <subfield code="l">0</subfield>
    <subfield code="o">BNPHU F-CIJ-DS F953</subfield>
    <subfield code="p">2024-0692</subfield>
    <subfield code="r">2024-02-06</subfield>
    <subfield code="t">e. 3</subfield>
    <subfield code="w">2024-02-06</subfield>
    <subfield code="y">LF2</subfield>
  </datafield>
  <datafield tag="999" ind1=" " ind2=" ">
    <subfield code="c">55803</subfield>
    <subfield code="d">55803</subfield>
  </datafield>
</record>
